Apuntes de iniciación a la paleografía española de los siglos XII a XVII (Record no. 107577)

MARC details
000 -LEADER
campo de control de longitud fija 00785nam a2200205 i 4500
001 - NÚMERO DE CONTROL
campo de control 107577
003 - IDENTIFICADOR DE NÚMERO DE CONTROL
campo de control ES-MaACL
005 - FECHA Y HORA DE LA ÚLTIMA TRANSACCIÓN
campo de control 20230906184441.0
007 - CAMPO FIJO DE DESCRIPCIÓN FÍSICA--INFORMACIÓN GENERAL
campo de control de longitud fija t|
008 - DATOS DE LONGITUD FIJA--INFORMACIÓN GENERAL
campo de control de longitud fija 061121s1979 sp r ||||1| spa d
020 ## - NÚMERO INTERNACIONAL ESTÁNDAR DEL LIBRO
Número Internacional Estándar del Libro 84-00-04409-6
100 1# - ENTRADA PRINCIPAL--NOMBRE DE PERSONA
Nombre de persona Morterero Simon, Conrado.
9 (RLIN) 83717
245 10 - MENCIÓN DEL TÍTULO
Título Apuntes de iniciación a la paleografía española de los siglos XII a XVII
Resto del título : lecciones pronunciadas en la Escuela de Genealogía Heráldica y Nobiliaria /
Mención de responsabilidad, etc. Conrado Morterero Simon.
250 ## - MENCION DE EDICION
Mención de edición 2ª. ed.
260 ## - PUBLICACIÓN, DISTRIBUCIÓN, ETC.
Lugar de publicación, distribución, etc. Madrid :
Nombre del editor, distribuidor, etc. Hidalguía, Instituto Luis de Salazar y Castro (C.S.I.C.),
Fecha de publicación, distribución, etc. 1979.
300 ## - DESCRIPCIÓN FÍSICA
Extensión 82 p., 22 lám. :
Otras características físicas il. ;
Dimensiones 25 cm.
650 04 - PUNTO DE ACCESO ADICIONAL DE MATERIA--TÉRMINO DE MATERIA
Término de materia o nombre geográfico como elemento de entrada Paleografía-
Subdivisión geográfica España.
9 (RLIN) 15804
710 2# - ENTRADA AGREGADA--NOMBRE DE ENTIDAD CORPORATIVA
Nombre de entidad corporativa o nombre de jurisdicción como elemento de entrada Instituto Salazar y Castro.
9 (RLIN) 5230
852 ## - LOCALIZACIÓN
Ubicación ES-MaACL
Número de control de estantería L-10565
Sublocalización o colección R.111012
Holdings
Estatus retirado Estado de pérdida Estado de daño No para préstamo Biblioteca de origen Biblioteca actual Ubicación en estantería Fecha de adquisición Fuente de adquisición Total de préstamos Signatura topográfica completa Código de barras Visto por última vez Precio de reemplazo Tipo de ítem Koha
        Biblioteca del Ateneo de Madrid Biblioteca del Ateneo de Madrid Depósito 2 17/01/2008     L-10565 1112271 23/02/2023 23/02/2023 Libro impreso